Word Ladder: Leonardo DiCaprio Quiz Stats

 Plays Quiz Updated May 3, 2017

Support Sporcle.
Go Orange.
Score 0/35 Timer 04:00
0 Plays Today
Clue 4-Letter Word % Correct
Grains on the beachSAND
95.5%
Mail a letterSEND
95.2%
★ Gangs of New _____YORK
95%
★ The Man in the Iron _____MASK
94.9%
Opposite of lightDARK
94.4%
Tree's protective layerBARK
93.1%
Peruse a bookREAD
92.8%
★ Revolutionary _____ROAD
92.7%
Put cargo onto the truckLOAD
92.5%
Element with the Pb symbolLEAD
91.9%
Catholic religious serviceMASS
91.7%
Need for a clarinetREED
91.4%
Target for a bowling ballPINS
90.8%
A plant precursorSEED
90.8%
Document of house ownershipDEED
90.5%
One who is socially ineptDORK
90.1%
Spent, like a car batteryDEAD
90%
Lay out in the sun to tanBASK
89.9%
Clue 4-Letter Word % Correct
Of sound mindSANE
89.7%
What golfers yellFORE
89.5%
Throw a ball in footballPASS
89%
Days of oldYORE
87.4%
Disses a movie or show in a reviewPANS
83.1%
Strawberry rhubarb and Boston cream, e.g.PIES
82.5%
The shape of somethingFORM
82.5%
Where the frosh and RAs liveDORM
80%
'They ___ with Their Boots on'DIED
77.8%
A terrible fate, like death or destructionDOOM
74.7%
★ Marvin's _____ROOM
70.6%
Masked Batman villainBANE
65.5%
★ [Rung 1] of ___LIES
42%
A German song of the 19th centuryLIED
40.6%
CommandedBADE
39.8%
Indicate by signs or omensBODE
33.3%
★ ___ of [Rung 18] ★BODY
26.2%

Today's Daily Dose

Word Ladder
ING Words

Get the Picture
Nearest Volcano

From the Vault

Wiki Springtime Picture Click

by metashades

Springtime? Time to start taking Zyrtec for breakfast again.
Remove Ads.
Support Sporcle.
Get the best of Sporcle when you Go Orange. This ad-free experience offers more features, more stats, and more fun while also helping to support Sporcle. Thank you for becoming a member.

Show Comments

Extras

Top Quizzes Today


Score Distribution

Your Account Isn't Verified!

In order to create a playlist on Sporcle, you need to verify the email address you used during registration. Go to your Sporcle Settings to finish the process.

Report this User

Report this user for behavior that violates our Community Guidelines.

Details: